Southville International School and Colleges
Your cart is empty.
  • Cart
  • Lists
    Public lists Eva Luna New books Lux_list list_1
    Your lists Log in to create your own lists
  • Log in to your account
  • Your cookies
  • Search history
Southville International School and Colleges
  • Advanced search
  • Recent comments
  • Most popular
  • Libraries

Log in to your account

Log in with GOOGLE


If you do not have an external account, but do have a local account, you can still log in:

  1. Home
  2. MARC view: I, Freddy :
Normal view MARC view ISBD view

I, Freddy : (Record no. 33677)

[ view plain ]
MARC details
000 -LEADER
fixed length control field 01363cam a2200373 a 4500
001 - CONTROL NUMBER
control field 12764726
003 - CONTROL NUMBER IDENTIFIER
control field OSt
005 - DATE AND TIME OF LATEST TRANSACTION
control field 20140310184332.0
008 - FIXED-LENGTH DATA ELEMENTS--GENERAL INFORMATION
fixed length control field 020506s2003 nyua c 000 1 eng
010 ## - LIBRARY OF CONGRESS CONTROL NUMBER
LC control number 2002006981
020 ## - INTERNATIONAL STANDARD BOOK NUMBER
International Standard Book Number 0439283574 (hardcover)
040 ## - CATALOGING SOURCE
Original cataloging agency DLC
Transcribing agency DLC
Modifying agency DLC
041 1# - LANGUAGE CODE
Language code of text/sound track or separate title eng
Language code of original and/or intermediate translations of text ger
042 ## - AUTHENTICATION CODE
Authentication code lcac
050 00 - LIBRARY OF CONGRESS CALL NUMBER
Classification number PZ 7
Item number .R26347 2005
100 1# - MAIN ENTRY--PERSONAL NAME
Personal name Reiche, Dietlof.
9 (RLIN) 23885
240 10 - UNIFORM TITLE
Uniform title <a href="Freddy, eim wildes Hamsterlebin.">Freddy, eim wildes Hamsterlebin.</a>
Language of a work English
245 10 - TITLE STATEMENT
Title I, Freddy :
Remainder of title book one in the golden hamster saga /
Statement of responsibility, etc Dietlof Reiche ; translated by John Brownjohn ; illustrated by Joe Cepeda.
250 ## - EDITION STATEMENT
Edition statement 1st American ed.
260 ## - PUBLICATION, DISTRIBUTION, ETC. (IMPRINT)
Place of publication, distribution, etc New York :
Name of publisher, distributor, etc Scholastic Press,
Date of publication, distribution, etc 2005.
300 ## - PHYSICAL DESCRIPTION
Extent 201 p. :
Other physical details ill. ;
Dimensions 20 cm.
521 ## - TARGET AUDIENCE NOTE
Target audience note
526 ## - STUDY PROGRAM INFORMATION NOTE
Reading level 710
650 #1 - SUBJECT ADDED ENTRY--TOPICAL TERM
Topical term or geographic name as entry element Golden hamster
Form subdivision Fiction.
9 (RLIN) 23886
650 #1 - SUBJECT ADDED ENTRY--TOPICAL TERM
Topical term or geographic name as entry element Hamsters
Form subdivision Fiction.
9 (RLIN) 23887
650 #1 - SUBJECT ADDED ENTRY--TOPICAL TERM
Topical term or geographic name as entry element Pets
Form subdivision Fiction.
9 (RLIN) 23888
700 1# - ADDED ENTRY--PERSONAL NAME
Personal name Brownjohn, John.
9 (RLIN) 23889
700 1# - ADDED ENTRY--PERSONAL NAME
Personal name Cepeda, Joe,
Relator term ill.
9 (RLIN) 23890
856 42 - ELECTRONIC LOCATION AND ACCESS
Materials specified Publisher description
Uniform Resource Identifier <a href="http://www.loc.gov/catdir/description/schol051/2002006981.html">http://www.loc.gov/catdir/description/schol051/2002006981.html</a>
906 ## - LOCAL DATA ELEMENT F, LDF (RLIN)
a 7
b cbc
c orignew
d 1
e ecip
f 20
g y-gencatlg
942 ## - ADDED ENTRY ELEMENTS (KOHA)
Source of classification or shelving scheme Library of Congress Classification
Koha item type
Holdings
Withdrawn status Lost status Source of classification or shelving scheme Damaged status Home library Current library Shelving location Date acquired Total Checkouts Full call number Barcode Date last seen Copy number Price effective from Koha item type
    Library of Congress Classification   Luxembourg Library Luxembourg Library Scholastic Reading Center Section 10/05/2013   PZ 7 .R26347 2005 LEX0794 02/12/2019 1 10/05/2013 Books

I, Freddy :

APA

Reiche D., Brownjohn J. & Cepeda J. (2005). I, Freddy. New York: Scholastic Press.

Chicago

Reiche Dietlof, Brownjohn John and Cepeda Joe. 2005. I, Freddy. New York: Scholastic Press.

Harvard

Reiche D., Brownjohn J. and Cepeda J. (2005). I, Freddy. New York: Scholastic Press.

MLA

Reiche Dietlof, Brownjohn John and Cepeda Joe. I, Freddy. New York: Scholastic Press. 2005.

  • Place hold
  • Print
  • Cite
  • Add to your cart (remove)
  • Save record
    BIBTEX Dublin Core MARCXML MARC (non-Unicode/MARC-8) MARC (Unicode/UTF-8) MARC (Unicode/UTF-8, Standard) MODS (XML) RIS
  • More searches
    Search for this title in:
    Other Libraries (WorldCat) Other Databases (Google Scholar) Online Stores (Bookfinder.com) Open Library (openlibrary.org)

Exporting to Dublin Core...

SOUTHVILLE LIBRARY

Southville International School and Colleges Library

1281 Tropical Ave. Cor. Luxembourg St., BF Homes International, Las Pinas City

Tel. No. 8256374 / 252358 Loc. 117/146

Powered by Koha